Financovanie malých a stredných podnikov diplomová práca

Saved in:
Bibliographic Details
Main Author: Kozáková, Martina
Corporate Author: Národohospodárska fakulta EU. Katedra bankovníctva a medzinárodných financií
Other Authors: Belás, Jaroslav
Format: Book
Language:Slovak
Published: Bratislava 2008
Tags: Add Tag
No Tags, Be the first to tag this record!

MARC

LEADER 00000nam$a2200000$$$4500
001 0076752
005 20230113084148.3
041 0 |a slo 
044 |a SK 
245 1 0 |a Financovanie malých a stredných podnikov  |b diplomová práca  |c Martina Kozáková ; škol. Jaroslav Belás 
264 1 |a Bratislava  |c 2008 
300 |a 75 s. 
100 1 |a Kozáková, Martina 
700 1 |a Belás, Jaroslav 
710 2 |a Národohospodárska fakulta EU. Katedra bankovníctva a medzinárodných financií